<?xml version="1.0" encoding="UTF-8"?>
<marc:record xmlns:marc="http://www.loc.gov/MARC21/slim">
   <marc:leader>00000nam a2200000 a 4500</marc:leader>
   <marc:datafield ind1="1" ind2=" " tag="100">
      <marc:subfield code="a">Rombi, Philippe</marc:subfield>
      <marc:subfield code="4">aut</marc:subfield>
      <marc:subfield code="e">Verfasser/-in</marc:subfield>
   </marc:datafield>
   <marc:datafield ind1="1" ind2=" " tag="100">
      <marc:subfield code="a">Ozon, François</marc:subfield>
      <marc:subfield code="4">aut</marc:subfield>
      <marc:subfield code="e">Verfasser/-in</marc:subfield>
   </marc:datafield>
   <marc:datafield ind1="1" ind2=" " tag="100">
      <marc:subfield code="a">Ravat, Fantin</marc:subfield>
   </marc:datafield>
   <marc:datafield ind1="1" ind2=" " tag="100">
      <marc:subfield code="a">Vacth, Marine</marc:subfield>
   </marc:datafield>
   <marc:datafield ind1="1" ind2=" " tag="100">
      <marc:subfield code="a">Pierrot, Frédéric</marc:subfield>
   </marc:datafield>
   <marc:datafield ind1="1" ind2=" " tag="100">
      <marc:subfield code="a">Delbecque, Laurent</marc:subfield>
   </marc:datafield>
   <marc:datafield ind1="1" ind2=" " tag="100">
      <marc:subfield code="a">Leysen, Johan</marc:subfield>
   </marc:datafield>
   <marc:datafield ind1="0" ind2="0" tag="245">
      <marc:subfield code="a">Jung &amp; schön</marc:subfield>
   </marc:datafield>
   <marc:datafield ind1="0" ind2="0" tag="245">
      <marc:subfield code="c">Schauspieler: Johan Leysen, Laurent Delbecque, Frédéric Pierrot, Marine Vacth, Fantin Ravat, Géraldine Pailhas, Nathalie Richard, Charlotte Rampling; Musik: Philippe Rombi; Montage: Laure Gardette; Produktion: Eric Altmayer, Nicolas Altmayer; Drehbuch: Fr</marc:subfield>
   </marc:datafield>
   <marc:datafield ind1=" " ind2="1" tag="264">
      <marc:subfield code="a">Potsdam</marc:subfield>
      <marc:subfield code="b">filmwerte GmbH</marc:subfield>
      <marc:subfield code="c">2022</marc:subfield>
   </marc:datafield>
   <marc:datafield ind1="1" ind2=" " tag="520">
      <marc:subfield code="a">Im Sommerurlaub, wenige Tage vor ihrem 17. Geburtstag, schläft die hübsche Isabelle das erste Mal mit einem Jungen. Für viele Mädchen ein großes Ereignis, lässt sie diese Nacht jedoch völlig kalt. Dennoch erkennt sie die Möglichkeiten, die der Austausch körperlicher Zärtlichkeiten ihr bietet: Mit Beginn des Schuljahres verabredet sie sich mit meist älteren Männern, die sie für Sex bezahlen. Während Isabelle an immer mehr Geld kommt, ahnen weder Eltern noch Freunde etwas von ihrem Doppelleben. Nach einem tragischen Zwischenfall kann sie ihr Geheimnis jedoch nicht mehr verbergen und ihre Nachmittagsbeschäftigung fliegt auf. Da Isabelle selbst nicht dazu Stellung bezieht, sondern beharrlich schweigt, ergeht sich ihre Mutter vornehmlich in Selbstvorwürfen.</marc:subfield>
   </marc:datafield>
   <marc:datafield ind1=" " ind2=" " tag="041">
      <marc:subfield code="a">ger</marc:subfield>
   </marc:datafield>
   <marc:datafield ind1=" " ind2=" " tag="300">
      <marc:subfield code="a">1 Online-Ressource (93 min), Bild: 1,85:1 HD</marc:subfield>
   </marc:datafield>
</marc:record>
